| 000 | 03183nam a22004218i 4500 | ||
|---|---|---|---|
| 001 | BDZ0040027548 | ||
| 003 | StDuBDS | ||
| 005 | 20231212142116.0 | ||
| 006 | m|||||o||d|||||||| | ||
| 007 | cr ||||||||||| | ||
| 008 | 230206s2019 enka fo 000|0|eng|d | ||
| 020 |
_a9781000617504 (PDF ebook) : _c44.99 |
||
| 040 | _aStDuBDS | ||
| 050 | 0 | _aHD1387 | |
| 082 | 0 | 4 | _a650.01513 |
| 245 | 0 | 0 |
_aParry's valuation and investment tables. _h[electronic resource]. |
| 246 | 3 | 0 | _aValuation and investment tables |
| 250 | _a14th edition | ||
| 264 | 1 |
_aLondon : _bRoutledge, _c2019. |
|
| 300 |
_a1 online resource (508 pages) : _billustrations (colour) |
||
| 336 |
_atext _2rdacontent |
||
| 336 |
_astill image _2rdacontent |
||
| 337 |
_acomputer _2rdamedia |
||
| 338 |
_aonline resource _2rdacarrier |
||
| 500 | _aPrevious edition: 2013. | ||
| 500 | _aebook licence has an unlimited user licence for RICS members due to popularity of this title. | ||
| 505 | 0 | _aForeword - Preface - The Construction and Use of the Tables - Tables without Allowance for Tax - Conversion Tables - Tables with Allowance for Tax - Years' Purchase Quarterly in Advance Tables - Years' Purchase Annually in Arrear Tables | |
| 520 | 8 | _aFirst published in 1913, Richard Parry's Valuation and Investment Tables has since become an essential tool for students and professionals in the study and practice of valuation and appraisal. That the book reached its centenary year in print and now fourteenth edition is a testament to its acclaim by the valuation and property professionals in an era of calculators and computers, and furthermore a tribute to the historical importance of Parry's original vision and continued legacy.The purpose of the book is to provide a comprehensive range of different valuation and investment tables in one volume. Although many of the tables will be used by practicing surveyors for valuation purposes, they will also be useful to accountants and others concerned with various types of investment and financial calculations.Surveyors valuing freehold or leasehold interests in property have the choice of using either (a) annually in arrear, or (b) quarterly in advance figures of years' purchase. The relevant tables for each concept are printed on different coloured edged pages for ease of reference.In practice today, calculations are required for a variety of purposes which often justify more than one approach. To allow for this, Internal Rates of Return tables have been retained. Using these tables, both growth and non-growth scenarios can be analysed for more detailed appraisal of specific freehold properties and to provide a basis for more in-depth investment advice. | |
| 588 | _aDescription based on CIP data; resource not viewed. | ||
| 650 | 0 | _aReal property | |
| 650 | 0 | _aVALUATION | |
| 650 | 7 | _aEBOOK | |
| 650 | 7 | _aBuilding construction & materials | |
| 690 |
_96273 _aValuation |
||
| 700 | 1 |
_aParry, Richard _c(Surveyor). |
|
| 776 | 0 | 8 |
_iPrint version : _z9780367350789 |
| 856 | 4 | 0 |
_uhttps://www.vlebooks.com/vleweb/product/openreader?id=RICS&accId=9491556&isbn=9781000617504 _zView on VLEbooks. Logins for members only from [email protected] |
| 999 |
_c121366 _d121366 |
||